Civil Parishes of East Lothian Quiz - Statistics

General Stats
  • This quiz has been taken 5 times
  • The average score is 7 of 25
Answers on the Map
Answers color-coded by a green-red scale on the quiz's map according to % correct below.
 
Answer Stats
Civil Parish % Correct
Haddington
100%
North Berwick
100%
Aberlady
75%
Dunbar
75%
Prestonpans
75%
Dirleton
50%
Tranent
50%
Athelstaneford
25%
Humbie
25%
Prestonkirk
25%
Spott
25%
Whitekirk and Tyninghame
25%
Yester
25%
Bolton
0%
Garvald and Bara
0%
Gladsmuir
0%
Innerwick
0%
Inveresk
0%
Morham
0%
Oldhamstocks
0%
Ormiston
0%
Pencaitland
0%
Saltoun
0%
Stenton
0%
Whittingehame
0%
No matching quizzes found
Score Distribution
Percent of People with Each Score
Percentile by Number Answered
Your Score History
You have not taken this quiz